A Fever You Can't Sweat Out Songs - Statistics

General Stats
  • This quiz has been taken 17 times
  • The average score is 10 of 13
Answer Stats
Answer % Correct
5 Camisado
100%
13 Build God, Then We'll Talk
80%
9 But it's Better if You Do
80%
11 I Constantly Thank God for Esteban
80%
8 intermission
80%
1 Introduction
80%
10 I Write Sins Not Tragedies
80%
3 London Beckoned Songs About Money Written by Machines
80%
7 Lying is the Most Fun a Girl Can Have Without Taking Her Clothes Off
80%
4 Nails for Breakfast, Tacks for Snacks
80%
6 Time to Dance
80%
2 The Only Difference Between Martyrdom and Suicide is Press Coverage
60%
12 There's a Good Reason These Tables are Numbered Honey, You Just Haven't Thought of it Yet
60%
No matching quizzes found
Score Distribution
Percent of People with Each Score
Percentile by Number Answered
Your Score History
You have not taken this quiz